000
00334nam a2200133Ia 4500
008
191201s2013 xx 000 0 und d
100
_a
SINGH,Shio Kumar
245
0
_a
Database Systems Concepts, Designs and Application
250
_a
IMP-3rd
260
_c
2013
_b
pearson
_a
N. delhi
300
_a
912
650
_a
CSE
942
_2
ddc
_c
BB
999
_c
7662
_d
7662